Library Banner

A cultural history of gardens : (Record no. 100289)

MARC details
000 -LEADER
fixed length control field 00538nam a22001457a 4500
005 - DATE AND TIME OF LATEST TRANSACTION
control field 20171125111839.0
008 - FIXED-LENGTH DATA ELEMENTS--GENERAL INFORMATION
fixed length control field 171125b xxu||||| |||| 00| 0 eng d
020 ## - INTERNATIONAL STANDARD BOOK NUMBER
International Standard Book Number 9781350009868
040 ## - CATALOGING SOURCE
Transcribing agency PK-LaUMT
082 ## - DEWEY DECIMAL CLASSIFICATION NUMBER
Classification number 712.09
Item number CUL-
245 ## - TITLE STATEMENT
Title A cultural history of gardens :
Remainder of title V.1: in antiquity; V.2:in the medieval age; V.3: in the renaissance; V.4:in the age of enlightenment; V.5: in the age of empire; V.6: in the modern age
Statement of responsibility, etc edited by Kathryn Gleason
260 ## - PUBLICATION, DISTRIBUTION, ETC. (IMPRINT)
Place of publication, distribution, etc London :
Name of publisher, distributor, etc Bloomsbury,
Date of publication, distribution, etc 2016
300 ## - PHYSICAL DESCRIPTION
Extent 6 vols.
942 ## - ADDED ENTRY ELEMENTS (KOHA)
Koha item type Books
Holdings
Withdrawn status Lost status Damaged status Home library Current library Date acquired Full call number Barcode Date last seen Copy number Price effective from Koha item type
      UMT Main Campus UMT Main Campus 2017-11-25 712.09 CUL- 116134 2017-11-25 V.1 2017-11-25 Books
      UMT Main Campus UMT Main Campus 2017-11-25 712.09 CUL- 116132 2022-10-14 V.3 2017-11-25 Books
      UMT Main Campus UMT Main Campus 2017-11-25 712.09 CUL- 116129 2017-11-25 V.4 2017-11-25 Books
      UMT Main Campus UMT Main Campus 2017-11-25 712.09 CUL- 116131 2017-11-25 V.2 2017-11-25 Books
      UMT Main Campus UMT Main Campus 2017-11-25 712.09 CUL- 116130 2017-11-25 V.5 2017-11-25 Books
      UMT Main Campus UMT Main Campus 2017-11-25 712.09 CUL- 116133 2017-11-25 V.6 2017-11-25 Books